Adolescencia y juventud en América Latina /
Αποθηκεύτηκε σε:
| Κύριος συγγραφέας: | |
|---|---|
| Μορφή: | Άγνωστο |
| Έκδοση: |
Cartago:
Libro Universitario Regional (EULAC-GTZ). Editorial Tecnológica de Costa Rica
|
| Θέματα: | |
| Ετικέτες: |
Προσθήκη ετικέτας
Δεν υπάρχουν, Καταχωρήστε ετικέτα πρώτοι!
|
MARC
| LEADER | 00000 a2200000 04500 | ||
|---|---|---|---|
| 001 | 18999 | ||
| 003 | |||
| 008 | 991231s d | ||
| 040 | |a CRAI/IIS |c CRAI/IIS | ||
| 090 | |a 144905 | ||
| 100 | |a Donas Burak, Solum | ||
| 245 | |a Adolescencia y juventud en América Latina / |c Solum Donas Burak | ||
| 260 | |a Cartago: |b Libro Universitario Regional (EULAC-GTZ). Editorial Tecnológica de Costa Rica | ||
| 300 | |a 506 p. | ||
| 650 | |a JUVENTUD | ||
| 650 | |a JUVENTUD RURAL | ||
| 650 | |a TRABAJADORES JOVENES | ||
| 999 | |c 17614 |d 17614 | ||
